000
00284nam a22001217a 4500
008
171227b xxu||||| |||| 00| 0 eng d
041
_a
eng
080
_a
339.138
100
_a
60
101
_a
MAR
245
_a
UNDERSTANDING RESEARCH A CONSUMER'S GUIDE
_c
CLARK,V.L
942
_2
udc
_c
BK
999
_c
39487
_d
39487